| 000 | 00533pam a2200217 i 4500 | ||
|---|---|---|---|
| 001 | 4629073 | ||
| 005 | 20180129041153.0 | ||
| 008 | 781002s1979 nyua 001 0 eng | ||
| 010 | _a 78023402 | ||
| 020 | _a047026585X | ||
| 040 |
_aDLC _cDLC _dDLC |
||
| 041 | _aeng | ||
| 080 | _a658.4 ANS | ||
| 082 | 0 | 0 | _a658.4 ANS |
| 100 | 1 | _a53 | |
| 101 | _aMEN | ||
| 245 | 1 | 0 |
_aStrategic management / _cH. Igor Ansoff. |
| 504 | _aBibliography: p. 226-233. | ||
| 906 |
_a7 _bcbc _corignew _d1 _eocip _f19 _gy-gencatlg |
||
| 942 |
_2ddc _cBK |
||
| 999 |
_c41131 _d41131 |
||